NEUROLOGY AND NEUROSURGERY ILLUSTRATED (Record no. 20965)

MARC details
000 -LEADER
fixed length control field 00375nam a22001577a 4500
003 - CONTROL NUMBER IDENTIFIER
control field SGT
020 ## - INTERNATIONAL STANDARD BOOK NUMBER
International Standard Book Number 9780443069789
082 ## - DEWEY DECIMAL CLASSIFICATION NUMBER
Classification number 612.8
Item number N19L
100 ## - MAIN ENTRY--PERSONAL NAME
Personal name LINDSAY, KENNETH W.
245 ## - TITLE STATEMENT
Title NEUROLOGY AND NEUROSURGERY ILLUSTRATED
250 ## - EDITION STATEMENT
Edition statement 5TH
260 ## - PUBLICATION, DISTRIBUTION, ETC. (IMPRINT)
Place of publication, distribution, etc EDINBURGH
Name of publisher, distributor, etc CHURCHILL LIVINGSTONE
Year of Publication 2019
300 ## - PAGE DESCRIPTION
No. of Pages 600
650 ## - SUBJECT ADDED ENTRY--TOPICAL TERM
Topical term or geographic name as entry element PHYSIOTHERAPY
942 ## - ADDED ENTRY ELEMENTS (KOHA)
Source of classification or shelving scheme Dewey Decimal Classification
Koha item type Books
942 ## - ADDED ENTRY ELEMENTS (KOHA)
-- 81
Holdings
Withdrawn status Lost status Source of classification or shelving scheme Damaged status Not for loan Collection code Home library Current library Shelving location Date acquired Vendor Name Cost, normal purchase price SGTU Bill Number Total Checkouts Full call number Accession No. (Barcode) Date last seen Date last borrowed Bill Date Koha item type
    Dewey Decimal Classification     MEDICAL SGT Medical Library SGT Medical Library Text Book 26/03/2021 ABC DELHI 1620.00 SGTU 12725 26 612.8 N19L FM12251 10/06/2025 23/05/2025 19/02/2021 Books
    Dewey Decimal Classification     MEDICAL SGT Medical Library SGT Medical Library Text Book 26/03/2021 ABC DELHI 1620.00 SGTU 12725 31 612.8 N19L FM12252 18/08/2025 08/08/2025 19/02/2021 Books
    Dewey Decimal Classification     MEDICAL SGT Medical Library SGT Medical Library Text Book 26/03/2021 ABC DELHI 1620.00 SGTU 12725 41 612.8 N19L FM12253 11/06/2025 04/06/2025 19/02/2021 Books